00528nam a2200169Ia 45000030006000000080041000060400015000471000032000622450056000942500010001502600024001605460012001849420012001969990017002080050017002259520116002420STCL150530s9999 xx 000 0 und d aSTCLcSTCL aDudley, D.R.; Lay, D.M.; Ed aClassical byzantine oriental and African literature aFirst bPenguin booksc1969 aEnglish 2ddccBK c53225d5322520220125170912.0 00102ddc4070aSTCALbSTCALcGENd2015-05-30g15.00l0o820-63 REFp5650r2015-05-30 00:00:00w2015-05-30yBK